000 01171nam a22002417a 4500
999 _c75213
_d75213
005 20251125233129.0
008 s2558 th tha d
020 _a9786169141037
040 _aNALT
041 _atha
050 _aDS 588.S6
_bส241จ 2558
100 0 _aสมชาย วิรุฬหผล
_920641
245 1 0 _aจากนูซันตาราสู่มหานครปัตตานี /
_cสมชาย วิรุฬหผล.
260 _aกรุงเทพฯ :
_bวิกายา,
_c2558.
300 _a112 หน้า :
_bภาพประกอบ, แผนที่ ;
_c21 ซม.
650 4 _aศาสนาอิสลาม
_920643
_zไทย (ภาคใต้)
651 0 _a ไทย (ภาคใต้)
_xประวัติศาสตร์
_919016
651 0 _aปัตตานี
_xประวัติศาสตร์
_920642
850 _aNALT
856 4 0 _uhttps://hdl.handle.net/20.500.14156/521707
_71
942 _cGB
_02
_2lcc
998 _j1020
_k นางจำเรียง ระวังสำโรง